[Event "7th Southwest Class Ch."]
[Site "Dallas"]
[Date "2016.02.15"]
[Round "9.18"]
[White "Yu, Jennifer"]
[Black "Serna, Jeffery"]
[Result "1-0"]
[WhiteElo "2102"]
[BlackElo "2009"]
[PlyCount "107"]
[EventDate "2016.02.??"]
[EventType "swiss"]
[EventRounds "9"]
[EventCountry "USA"]

1. c4 e5 2. Nc3 Nc6 3. g3 Nf6 4. Nf3 h6 5. d3 Bc5 6. Bg2 d6 7. O-O O-O 8. Na4
Bb6 9. a3 Bd7 10. e3 Ne7 11. b4 Qe8 12. Nxb6 axb6 13. Bb2 Qc8 14. Re1 Bh3 15.
Bh1 Bg4 16. Qc2 Nh7 17. d4 f6 18. Nh4 Re8 19. f4 exf4 20. exf4 c6 21. Be4 Nf8
22. Qg2 Qd7 23. d5 c5 24. Bd3 Nf5 25. Nf3 Rxe1+ 26. Rxe1 Re8 27. Be4 Qf7 28. h3
Bxf3 29. Qxf3 Nh4 30. gxh4 f5 31. Kf2 fxe4 32. Rxe4 Rxe4 33. Qxe4 Ng6 34. f5
Ne7 35. f6 Ng6 36. Qg4 h5 37. Qxh5 gxf6 38. Qg4 Kf8 39. h5 Ne5 40. Qf5 Kg7 41.
Bc1 Qd7 42. h6+ Kg8 43. Qe6+ Kh7 44. Bf4 Qd8 45. Kf1 Qf8 46. h4 Kh8 47. Qf5 Qe7
48. Qc8+ Kh7 49. Qe6 Qf8 50. Qf5+ Kh8 51. Bxe5 dxe5 52. Qg6 Qe7 53. d6 Qd7 54.
Qg7+ 1-0

[Event "7th Southwest Class Ch."]
[Site "Dallas"]
[Date "2016.02.15"]
[Round "9.22"]
[White "Xie, Tianming"]
[Black "Kelly, Joey"]
[Result "1/2-1/2"]
[WhiteElo "1988"]
[BlackElo "2016"]
[PlyCount "100"]
[EventDate "2016.02.??"]
[EventType "swiss"]
[EventRounds "9"]
[EventCountry "USA"]

1. Nf3 Nf6 2. c4 e6 3. g3 d5 4. Bg2 dxc4 5. Qa4+ c6 6. Qxc4 b5 7. Qb3 Bb7 8.
O-O a6 9. a4 b4 10. d4 Nbd7 11. Rd1 Qb6 12. Nbd2 Be7 13. Nc4 Qa7 14. Na5 O-O
15. Nd2 Rac8 16. Nxb7 Qxb7 17. Nc4 Qa7 18. e4 Rfd8 19. a5 e5 20. dxe5 Ng4 21.
Nd6 Qxf2+ 22. Kh1 Nc5 23. Nxc8 Nxb3 24. Nxe7+ Kf8 25. Rxd8+ Kxe7 26. Bg5+ f6
27. exf6+ gxf6 28. Rad1 Qa7 29. R1d7+ Qxd7 30. Rxd7+ Kxd7 31. Bf4 Nxa5 32. Bh3
h5 33. Bf1 Nb3 34. Bxa6 Nc5 35. Be2 Nf2+ 36. Kg2 Nfd3 37. Be3 Kd6 38. Bxc5+
Nxc5 39. Bxh5 Ke5 40. Be8 Nd3 41. Bxc6 Nxb2 42. h4 b3 43. Bd5 f5 44. Bxb3 Kxe4
45. h5 Ke5 46. h6 Kf6 47. h7 Kg7 48. Bg8 Nd3 49. Be6 f4 50. g4 Ne5 1/2-1/2